Central Library OPAC University of Rajshahi

John Dryden : (Record no. 65541)

MARC details
000 -LEADER
fixed length control field 00692nam a2200217 a 4500
001 - CONTROL NUMBER
control field 65541
003 - CONTROL NUMBER IDENTIFIER
rucl marc code BD-RjUL
005 - DATE AND TIME OF LATEST TRANSACTION
control field 20211209081434.0
008 - FIXED-LENGTH DATA ELEMENTS--GENERAL INFORMATION
fixed length control field 170308s1954 caua b 001 0 eng
035 ## - SYSTEM CONTROL NUMBER
System control number (BD-RjUL)65671)
040 ## - CATALOGING SOURCE
Original cataloging agency DLC
Transcribing agency DLC
Modifying agency BD-RjUL
Language of cataloging eng
041 ## - LANGUAGE CODE
Language code of text/sound track or separate title eng
082 00 - DEWEY DECIMAL CLASSIFICATION NUMBER
Classification number 821.4
Edition number 23
Author mark and year YOJ 1954
100 ## - MAIN ENTRY--PERSONAL NAME
Personal name Young, Kenneth
9 (RLIN) 193934
245 10 - TITLE STATEMENT
Title John Dryden :
Remainder of title a tercentenary miscellany /
Statement of responsibility, etc. Kenneth Young
260 ## - PUBLICATION, DISTRIBUTION, ETC. (IMPRINT)
Place of publication, distribution, etc. San Marino, Calif. :
Name of publisher, distributor, etc. Huntington Library,
Date of publication, distribution, etc. 1954
300 ## - PHYSICAL DESCRIPTION
Pagination vii, 240 p. :
Illustrations ill. ;
Size 26 cm.
504 ## - BIBLIOGRAPHY, ETC. NOTE
Bibliography, etc Includes bibliographical references and index
600 10 - SUBJECT ADDED ENTRY--PERSONAL NAME
Personal name Dryden, John,
Dates associated with a name 1631-1700
General subdivision Criticism and interpretation.
942 ## - ADDED ENTRY ELEMENTS (KOHA)
Source of classification or shelving scheme Dewey Decimal Classification
Koha item type Books
Holdings
Lost status Source of classification or shelving scheme Damaged status Not for loan Collection code Permanent Location Current Location Shelving location Date acquired Source of acquisition Cost, normal purchase price Total Checkouts Full call number Date last seen Copy number Koha item type
  Dewey Decimal Classification   Not For Loan Non-fiction Central Library, University of Rajshahi Central Library, University of Rajshahi Reading Room 18/10/1965 Blackwell 21.00   821.4 YOJ 1954 08/03/2017 C-1 Books